| 000 | 00599nam a2200133Ia 4500 | ||
|---|---|---|---|
| 008 | 171212s9999 xx 000 0 und d | ||
| 020 | _a9780801494734 | ||
| 100 | _aEdelman, Robert | ||
| 245 |
_cEdelman, Robert _aProletarian Peasants _bThe Revolution of 1905 in Russia's Southwest |
||
| 260 |
_bCornell University Press _c1987 |
||
| 650 | _aHistory | ||
| 650 | _aUkraine -- Rural conditions; Ukraine -- History -- Revolution of 1905; Peasantry -- Ukraine -- History -- 20th century; Strikes and lockouts -- Ukraine -- History -- 20th century | ||
| 856 | _uhttp://jstor.org/stable/10.7591/j.ctt1g69xdb | ||
| 999 |
_c351449 _d351449 |
||